| 000 | 00944cam a22002777a 4500 | ||
|---|---|---|---|
| 005 | 20220817043025.0 | ||
| 008 | 971010s1976 r 00010 d | ||
| 010 | _a63086 | ||
| 011 | _a64058 | ||
| 035 | _a69126 | ||
| 082 |
_a665 _bD3y |
||
| 100 | 0 | 0 |
_aDahl, Olle. _930895 |
| 245 | 0 | _aIndustrialización de la grasa de animales de abasto | |
| 260 |
_aZaragoza : _bAcribia, _c1976 |
||
| 300 |
_a122 p. _b: ilus. |
||
| 490 | 0 |
_aCiencia y tecnología de la carne. Teoría y práctica _v; 10 |
|
| 590 |
_aBATCH-UPD _b10 _c20130110 _lUCH01 _h0143 |
||
| 590 |
_aBATCH-UPD _b10 _c20130110 _lUCH01 _h1222 |
||
| 590 |
_aBATCH-UPD _b10 _c20130409 _lUCH01 _h2142 |
||
| 590 |
_aBATCH-UPD _b10 _c20130914 _lUCH01 _h0933 |
||
| 590 |
_aCONVERSION _b10 _c20130109 _lUCH01 _h1334 |
||
| 650 | 1 | 4 | _aGrasas y aceites. |
| 830 | 0 |
_aCiencia y tecnología de la carne teoría y práctica _v; 10 |
|
| 901 | _aBK | ||
| 949 |
_a665 D3y _bIA _cLIBRO _d-1293 _eLIBRO _h3080 _i69126 _si |
||
| 999 |
_c63086 _d63086 |
||